Systematic instruction in science for middle and high school years (Бичлэгийн дугаар. 146031)
| 000 -УДИРДЛАГА | |
|---|---|
| Удирдлага | 01142nam a22003137a 4500 |
| 003 - ХЯНАЛТЫН ТОО ТОДОРХОЙЛОГЧ | |
| Код | MN-UlNUM |
| 005 - БИЧИЛТ ХИЙСЭН ОГНОО | |
| Тухайн бичилтийг бичсэн засварласан сүүлийн огноо | 20251230161351.0 |
| 008 - ЕРӨНХИЙ МЭДЭЭЛЭЛ | |
| Ерөнхий мэдээлэл | 251230s1980 mauab||| |||| 001 0 eng | |
| 020 ## - ISBN | |
| ISBN | 0201024357 |
| 040 ## - БИЧЛЭГ ҮҮСГЭГЧ БАЙГУУЛЛАГА | |
| Бичлэг үүсгэгч номын сангийн код | МУИС-ийн номын сан |
| 084 ## - ББК АНГИЛАЛ | |
| Нэмэлт тусгалт | Бусад |
| ББК ангилал | 74.03 |
| Зохиогчийн гурван тэмдэгт | F 24 |
| Мэдлэгийн ялгаа | 74 - Боловсрол |
| 100 1# - ЗОХИОГЧ | |
| Зохиогчийн нэр | Farmer, Walter A. |
| 245 10 - ҮНДСЭН ГАРЧИГ | |
| Номын нэр | Systematic instruction in science for middle and high school years |
| Оролцогчдын тухай мэдээ | Walter A. Farmer, Margaret A. Farrell. |
| 260 ## - ГАРАЛТЫН МЭДЭЭ | |
| Хэвлэгдсэн газар | Reading, Mass. : |
| Хэвлэлийн газар | Addison-Wesley Pub. Co., |
| Хэвлэгдсэн он | 1980. |
| 300 ## - МАТЕРИАЛЫН ТОДОРХОЙЛОЛТ | |
| хуудасны тоо | xiii, 353 p. : |
| Бусад тоон мэдээлэл | ill. ; |
| Хэмжээ | 24 cm. |
| 500 ## - Тайлбар | |
| Дансны дугаар | БС 4779 |
| 546 ## - ХЭЛНИЙ ТУХАЙ МЭДЭЭ | |
| Хэл | Англи хэл дээр, |
| 653 ## - Түлхүүр үг | |
| Түлхүүр үг | science |
| 653 ## - Түлхүүр үг | |
| Түлхүүр үг | study and teaching (Higher) |
| 700 1# - ХАМ ЗОХИОГЧИД | |
| Ба бус | Farrell, Margaret A., |
| Relator term | joint author. |
| 740 ## - НОМЫН ГАРЧИГ | |
| Гарчиг | Instructional moves by the teacher: Modes of instruction |
| 740 ## - НОМЫН ГАРЧИГ | |
| Гарчиг | The heart of systematic instruction: Feedback |
| 740 ## - НОМЫН ГАРЧИГ | |
| Гарчиг | Adolescent versus adult thinking: The intellectual development of students |
| 740 ## - НОМЫН ГАРЧИГ | |
| Гарчиг | Products and processes: The structure of science |
| 740 ## - НОМЫН ГАРЧИГ | |
| Гарчиг | Targets of systematic instruction: Instructional objectives |
| 942 ## - ЭЛЕМЕНТИЙН ТӨРӨЛ | |
| Зүйлийн төрөл | Ном |
